Normal view
MARC view
Entry Personal Name
001 - CONTROL NUMBER
- control field: 54350
003 - CONTROL NUMBER IDENTIFIER
- control field: dpl
005 - DATE AND TIME OF LATEST TRANSACTION
- control field: 20121217114655.0
008 - FIXED-LENGTH DATA ELEMENTS
- fixed length control field: 121217|||a|||||| | ||| d
040 ## - CATALOGING SOURCE
- Original cataloging agency: dpl
- Transcribing agency: dpl
100 ## - HEADING--PERSONAL NAME
- Personal name: Ramanna, Mridula.
670 ## - SOURCE DATA FOUND
- Source citation: Work cat.: (dpl)0: Ramanna, Mridula., Health care in Bombay Presidency,1896-1930 /, 2012.
670 ## - SOURCE DATA FOUND
- Source citation: Work cat.: (dpl)0: Ramanna, Mridula., Health care in Bombay Presidency,1896-1930 /, 2012.
